[Event "Benidorm Satellite preliminary"]
[Site "playchess.com #007036"]
[Date "2009.10.24"]
[Round "13"]
[White "FlorianKull"]
[Black "Knetterbernd"]
[Result "0-1"]
[WhiteElo "2084"]
[BlackElo "2221"]
[PlyCount "174"]
[EventDate "2009.10.24"]
[EventType "swiss (blitz)"]

1. Nf3 {[%emt 0:00:02]} Nf6 {[%emt 0:00:02]} 2. c4 {[%emt 0:00:01]} g6 {[%emt
0:00:02]} 3. Nc3 {[%emt 0:00:01]} Bg7 {[%emt 0:00:01]} 4. g3 {[%emt 0:00:01]}
O-O {[%emt 0:00:01]} 5. Bg2 {[%emt 0:00:00]} d6 {[%emt 0:00:00]} 6. O-O {[%emt
0:00:01]} e5 {[%emt 0:00:01]} 7. d3 {[%emt 0:00:01]} Nc6 {[%emt 0:00:01]} 8.
Rb1 {[%emt 0:00:01]} a5 {[%emt 0:00:01]} 9. a3 {[%emt 0:00:00]} Re8 {[%emt 0:
00:01]} 10. b4 {[%emt 0:00:01]} axb4 {[%emt 0:00:01]} 11. axb4 {[%emt 0:00:00]}
e4 {[%emt 0:00:01]} 12. dxe4 {[%emt 0:00:05]} Nxe4 {[%emt 0:00:00]} 13. Nxe4 {
[%emt 0:00:02]} Rxe4 {[%emt 0:00:00]} 14. b5 {[%emt 0:00:08]} Nd4 {[%emt 0:00:
03]} 15. Nxd4 {[%emt 0:00:02]} Rxd4 {[%emt 0:00:02]} 16. Qc2 {[%emt 0:00:01]}
Bf5 {[%emt 0:00:09]} 17. e4 {[%emt 0:00:02]} Be6 {[%emt 0:00:01]} 18. Rb4 {
[%emt 0:00:26]} c5 {[%emt 0:00:43]} 19. bxc6 {[%emt 0:00:02]} bxc6 {[%emt 0:00:
00]} 20. Bb2 {[%emt 0:00:02]} Ra2 {[%emt 0:00:23]} 21. Qb3 {[%emt 0:00:04]}
Rxb2 {[%emt 0:00:07]} 22. Qxb2 {[%emt 0:00:10]} Rxc4 {[%emt 0:00:03]} 23. Rb8 {
[%emt 0:00:02]} Bxb2 {[%emt 0:00:11]} 24. Rxd8+ {[%emt 0:00:02]} Kg7 {[%emt 0:
00:01]} 25. Rxd6 {[%emt 0:00:02]} c5 {[%emt 0:00:03]} 26. h3 {[%emt 0:00:38]}
Bd4 {[%emt 0:00:03]} 27. g4 {[%emt 0:00:06]} Rc2 {[%emt 0:00:02]} 28. Bf3 {
[%emt 0:00:10]} Bc4 {[%emt 0:00:03]} 29. Rd1 {[%emt 0:00:05]} Bxf2+ {[%emt 0:
00:06]} 30. Kh1 {[%emt 0:00:06]} Bd4 {[%emt 0:00:03]} 31. R6xd4 {[%emt 0:00:05]
} cxd4 {[%emt 0:00:03]} 32. Rxd4 {[%emt 0:00:00]} Be6 {[%emt 0:00:03]} 33. e5 {
[%emt 0:00:04]} Rc5 {[%emt 0:00:07]} 34. Re4 {[%emt 0:00:02]} Bd5 {[%emt 0:00:
02]} 35. Re3 {[%emt 0:00:01]} Bxf3+ {[%emt 0:00:01]} 36. Rxf3 {[%emt 0:00:01]}
Rxe5 {[%emt 0:00:00]} 37. Kg2 {[%emt 0:00:01]} Re7 {[%emt 0:00:04]} 38. Kg3 {
[%emt 0:00:01]} h6 {[%emt 0:00:02]} 39. h4 {[%emt 0:00:02]} Re5 {[%emt 0:00:02]
} 40. Rd3 {[%emt 0:00:01]} Kf8 {[%emt 0:00:03]} 41. Rf3 {[%emt 0:00:02]} Ke7 {
[%emt 0:00:01]} 42. Rb3 {[%emt 0:00:01]} h5 {[%emt 0:00:02]} 43. gxh5 {[%emt 0:
00:02]} Rxh5 {[%emt 0:00:02]} 44. Rb7+ {[%emt 0:00:04]} Kf6 {[%emt 0:00:02]}
45. Rb6+ {[%emt 0:00:01]} Kg7 {[%emt 0:00:01]} 46. Rb7 {[%emt 0:00:01]} Rd5 {
[%emt 0:00:06]} 47. Rc7 {[%emt 0:00:02]} Kf6 {[%emt 0:00:01]} 48. Rc6+ {[%emt
0:00:01]} Kf5 {[%emt 0:00:01]} 49. Rc7 {[%emt 0:00:01]} Rd3+ {[%emt 0:00:02]}
50. Kg2 {[%emt 0:00:02]} f6 {[%emt 0:00:01]} 51. Rc5+ {[%emt 0:00:02]} Kg4 {
[%emt 0:00:03]} 52. Rc4+ {[%emt 0:00:01]} Kh5 {[%emt 0:00:01]} 53. Kh2 {[%emt
0:00:02]} f5 {[%emt 0:00:03]} 54. Kg2 {[%emt 0:00:02]} Re3 {[%emt 0:00:02]} 55.
Kh2 {[%emt 0:00:01]} Re4 {[%emt 0:00:02]} 56. Rc8 {[%emt 0:00:30]} Kxh4 {[%emt
0:00:04]} 57. Kg2 {[%emt 0:00:02]} Kg4 {[%emt 0:00:02]} 58. Kf2 {[%emt 0:00:01]
} g5 {[%emt 0:00:02]} 59. Rc2 {[%emt 0:00:03]} f4 {[%emt 0:00:02]} 60. Rb2 {
[%emt 0:00:01]} Kf5 {[%emt 0:00:05]} 61. Rb5+ {[%emt 0:00:01]} Re5 {[%emt 0:00:
01]} 62. Rb8 {[%emt 0:00:02]} g4 {[%emt 0:00:01]} 63. Rf8+ {[%emt 0:00:01]} Ke4
{[%emt 0:00:01]} 64. Rg8 {[%emt 0:00:02]} g3+ {[%emt 0:00:02]} 65. Kg2 {[%emt
0:00:01]} Ke3 {[%emt 0:00:01]} 66. Ra8 {[%emt 0:00:03]} Rd5 {[%emt 0:00:06]}
67. Re8+ {[%emt 0:00:01]} Kd4 {[%emt 0:00:05]} 68. Rf8 {[%emt 0:00:01]} Ke4 {
[%emt 0:00:02]} 69. Re8+ {[%emt 0:00:01]} Re5 {[%emt 0:00:01]} 70. Ra8 {[%emt
0:00:01]} Kf5 {[%emt 0:00:03]} 71. Rf8+ {[%emt 0:00:02]} Kg4 {[%emt 0:00:01]}
72. Rg8+ {[%emt 0:00:01]} Rg5 {[%emt 0:00:01]} 73. Ra8 {[%emt 0:00:01]} f3+ {
[%emt 0:00:01]} 74. Kg1 {[%emt 0:00:00]} Rb5 {[%emt 0:00:02]} 75. Rg8+ {[%emt
0:00:02]} Kf4 {[%emt 0:00:01]} 76. Rf8+ {[%emt 0:00:01]} Ke4 {[%emt 0:00:01]}
77. Re8+ {[%emt 0:00:01]} Kd5 {[%emt 0:00:06]} 78. Rd8+ {[%emt 0:00:01]} Ke6 {
[%emt 0:00:01]} 79. Re8+ {[%emt 0:00:03]} Kd7 {[%emt 0:00:01]} 80. Re1 {[%emt
0:00:03]} Kd6 {[%emt 0:00:01]} 81. Kf1 {[%emt 0:00:03]} Rb2 {[%emt 0:00:03]}
82. Rd1+ {[%emt 0:00:02]} Ke5 {[%emt 0:00:02]} 83. Re1+ {[%emt 0:00:00]} Kf4 {
[%emt 0:00:01]} 84. Rc1 {[%emt 0:00:02]} Kg4 {[%emt 0:00:01]} 85. Kg1 {[%emt 0:
00:03]} Kh3 {[%emt 0:00:02]} 86. Kf1 {[%emt 0:00:02]} Rh2 {[%emt 0:00:02]} 87.
Rc8 {[%emt 0:00:05]} Rh1# {[%emt 0:00:01]} 0-1

[Event "Benidorm Satellite preliminary"]
[Site "playchess.com #007036"]
[Date "2009.10.24"]
[Round "13"]
[White "Yoborjamari"]
[Black "Scottie"]
[Result "0-1"]
[WhiteElo "2201"]
[BlackElo "2281"]
[PlyCount "112"]
[EventDate "2009.10.24"]
[EventType "swiss (blitz)"]

1. Nf3 {[%emt 0:00:03]} Nf6 {[%emt 0:00:02]} 2. d4 {[%emt 0:00:01]} g6 {[%emt
0:00:01]} 3. g3 {[%emt 0:00:01]} Bg7 {[%emt 0:00:00]} 4. Bg2 {[%emt 0:00:00]}
O-O {[%emt 0:00:00]} 5. O-O {[%emt 0:00:01]} d6 {[%emt 0:00:00]} 6. Nc3 {[%emt
0:00:01]} c6 {[%emt 0:00:00]} 7. e4 {[%emt 0:00:03]} Qa5 {[%emt 0:00:03]} 8.
Re1 {[%emt 0:00:11]} Qh5 {[%emt 0:00:02]} 9. e5 {[%emt 0:00:07]} Nfd7 {[%emt 0:
00:03]} 10. Bf4 {[%emt 0:00:16]} d5 {[%emt 0:00:11]} 11. Ng5 {[%emt 0:00:03]}
Qxd1 {[%emt 0:00:02]} 12. Raxd1 {[%emt 0:00:01]} h6 {[%emt 0:00:02]} 13. Nxf7 {
[%emt 0:00:27]} Kxf7 {[%emt 0:00:41]} 14. e6+ {[%emt 0:00:05]} Ke8 {[%emt 0:00:
07]} 15. exd7+ {[%emt 0:00:03]} Bxd7 {[%emt 0:00:10]} 16. Be5 {[%emt 0:00:04]}
Bf6 {[%emt 0:00:07]} 17. Re3 {[%emt 0:00:08]} Kf7 {[%emt 0:00:09]} 18. Rde1 {
[%emt 0:00:05]} Re8 {[%emt 0:00:04]} 19. Ne2 {[%emt 0:00:10]} Bf5 {[%emt 0:00:
05]} 20. c3 {[%emt 0:00:04]} Nd7 {[%emt 0:00:04]} 21. f4 {[%emt 0:00:11]} Nb6 {
[%emt 0:00:07]} 22. b3 {[%emt 0:00:04]} a5 {[%emt 0:00:03]} 23. a4 {[%emt 0:00:
02]} Nc8 {[%emt 0:00:07]} 24. h3 {[%emt 0:00:02]} h5 {[%emt 0:00:01]} 25. Kh2 {
[%emt 0:00:17]} Nd6 {[%emt 0:00:13]} 26. Bf3 {[%emt 0:00:05]} Ne4 {[%emt 0:00:
07]} 27. g4 {[%emt 0:00:06]} hxg4 {[%emt 0:00:09]} 28. hxg4 {[%emt 0:00:01]}
Rh8+ {[%emt 0:00:06]} 29. Kg2 {[%emt 0:00:01]} Be6 {[%emt 0:00:21]} 30. Bxe4 {
[%emt 0:00:07]} dxe4 {[%emt 0:00:00]} 31. Rxe4 {[%emt 0:00:10]} Bd5 {[%emt 0:
00:02]} 32. Ng3 {[%emt 0:00:03]} Bxe5 {[%emt 0:00:03]} 33. dxe5 {[%emt 0:00:10]
} Rad8 {[%emt 0:00:03]} 34. Kf3 {[%emt 0:00:04]} Rh3 {[%emt 0:00:03]} 35. f5 {
[%emt 0:00:04]} gxf5 {[%emt 0:00:05]} 36. gxf5 {[%emt 0:00:03]} Rg8 {[%emt 0:
00:14]} 37. e6+ {[%emt 0:00:09]} Kf6 {[%emt 0:00:03]} 38. Rg1 {[%emt 0:00:13]}
Rhxg3+ {[%emt 0:00:07]} 39. Rxg3 {[%emt 0:00:03]} Rxg3+ {[%emt 0:00:00]} 40.
Kxg3 {[%emt 0:00:01]} Bxe4 {[%emt 0:00:00]} 41. b4 {[%emt 0:00:01]} Bxf5 {
[%emt 0:00:03]} 42. bxa5 {[%emt 0:00:02]} Kxe6 {[%emt 0:00:01]} 43. Kf4 {[%emt
0:00:02]} Bc2 {[%emt 0:00:01]} 44. a6 {[%emt 0:00:01]} bxa6 {[%emt 0:00:00]}
45. a5 {[%emt 0:00:01]} Kd5 {[%emt 0:00:01]} 46. Ke3 {[%emt 0:00:01]} Kc4 {
[%emt 0:00:01]} 47. Kd2 {[%emt 0:00:01]} Ba4 {[%emt 0:00:00]} 48. Ke3 {[%emt 0:
00:02]} Kxc3 {[%emt 0:00:01]} 49. Ke2 {[%emt 0:00:03]} c5 {[%emt 0:00:03]} 50.
Ke3 {[%emt 0:00:02]} c4 {[%emt 0:00:01]} 51. Ke2 {[%emt 0:00:01]} Kb2 {[%emt 0:
00:01]} 52. Ke3 {[%emt 0:00:01]} c3 {[%emt 0:00:01]} 53. Kd4 {[%emt 0:00:01]}
c2 {[%emt 0:00:01]} 54. Kc4 {[%emt 0:00:01]} c1=Q+ {[%emt 0:00:01]} 55. Kb4 {
[%emt 0:00:01]} Qc3+ {[%emt 0:00:14]} 56. Kxa4 {[%emt 0:00:01]} Qc4# {[%emt 0:
00:01]} 0-1

[Event "Benidorm Satellite preliminary"]
[Site "playchess.com #007036"]
[Date "2009.10.24"]
[Round "13"]
[White "Nußhardt"]
[Black "Benitotj"]
[Result "1-0"]
[WhiteElo "1636"]
[BlackElo "1465"]
[PlyCount "93"]
[EventDate "2009.10.24"]
[EventType "swiss (blitz)"]

1. d4 {[%emt 0:00:04]} d5 {[%emt 0:00:01]} 2. e4 {[%emt 0:00:02]} dxe4 {[%emt
0:00:02]} 3. f3 {[%emt 0:00:01]} exf3 {[%emt 0:00:06]} 4. Nxf3 {[%emt 0:00:01]}
Nf6 {[%emt 0:00:01]} 5. Be2 {[%emt 0:00:02]} c5 {[%emt 0:00:05]} 6. c3 {[%emt
0:00:02]} cxd4 {[%emt 0:00:02]} 7. cxd4 {[%emt 0:00:04]} e6 {[%emt 0:00:03]} 8.
O-O {[%emt 0:00:04]} Be7 {[%emt 0:00:03]} 9. Nc3 {[%emt 0:00:05]} O-O {[%emt 0:
00:02]} 10. Bg5 {[%emt 0:00:04]} Nc6 {[%emt 0:00:03]} 11. Ne5 {[%emt 0:00:04]}
Nxe5 {[%emt 0:00:03]} 12. dxe5 {[%emt 0:00:03]} Nd5 {[%emt 0:00:01]} 13. Bxe7 {
[%emt 0:00:06]} Nxe7 {[%emt 0:00:13]} 14. Ne4 {[%emt 0:00:05]} Qb6+ {[%emt 0:
00:12]} 15. Kh1 {[%emt 0:00:04]} Qxb2 {[%emt 0:00:02]} 16. Qd6 {[%emt 0:00:05]}
Nf5 {[%emt 0:00:13]} 17. Bg4 {[%emt 0:00:21]} Nxd6 {[%emt 0:00:05]} 18. Nxd6 {
[%emt 0:00:07]} Qxe5 {[%emt 0:00:07]} 19. Rad1 {[%emt 0:00:04]} f5 {[%emt 0:00:
11]} 20. Bf3 {[%emt 0:00:03]} Bd7 {[%emt 0:00:10]} 21. Nxb7 {[%emt 0:00:03]}
Ba4 {[%emt 0:00:30]} 22. Rde1 {[%emt 0:00:05]} Qc3 {[%emt 0:00:10]} 23. Rxe6 {
[%emt 0:00:07]} Rab8 {[%emt 0:00:07]} 24. Rfe1 {[%emt 0:00:18]} g5 {[%emt 0:00:
08]} 25. Nd6 {[%emt 0:00:14]} g4 {[%emt 0:00:03]} 26. Bd5 {[%emt 0:00:03]} Rbd8
{[%emt 0:00:20]} 27. Re7+ {[%emt 0:00:10]} Kh8 {[%emt 0:00:04]} 28. Nf7+ {
[%emt 0:00:04]} Rxf7 {[%emt 0:00:05]} 29. Bxf7 {[%emt 0:00:04]} Re8 {[%emt 0:
00:06]} 30. Bxe8 {[%emt 0:00:03]} Bxe8 {[%emt 0:00:04]} 31. Rxe8+ {[%emt 0:00:
02]} Kg7 {[%emt 0:00:01]} 32. R8e7+ {[%emt 0:00:04]} Kg6 {[%emt 0:00:01]} 33.
R1e6+ {[%emt 0:00:09]} Kg5 {[%emt 0:00:02]} 34. g3 {[%emt 0:00:07]} f4 {[%emt
0:00:07]} 35. Re5+ {[%emt 0:00:05]} Kf6 {[%emt 0:00:02]} 36. gxf4 {[%emt 0:00:
03]} Qc1+ {[%emt 0:00:04]} 37. Kg2 {[%emt 0:00:07]} Qxf4 {[%emt 0:00:02]} 38.
R5e6+ {[%emt 0:00:03]} Kg5 {[%emt 0:00:08]} 39. Re5+ {[%emt 0:00:04]} Kf6 {
[%emt 0:00:02]} 40. R5e6+ {[%emt 0:00:05]} Kg5 {[%emt 0:00:05]} 41. Rg7+ {
[%emt 0:00:09]} Kh5 {[%emt 0:00:10]} 42. Rxh7+ {[%emt 0:00:04]} Kg5 {[%emt 0:
00:03]} 43. Rg7+ {[%emt 0:00:06]} Kh5 {[%emt 0:00:06]} 44. Rh7+ {[%emt 0:00:10]
} Kg5 {[%emt 0:00:01]} 45. h4+ {[%emt 0:00:15] .} Kf5 {[%emt 0:00:07]} 46. Rf7+
{[%emt 0:00:04]} Kxe6 {[%emt 0:00:02]} 47. Rxf4 {[%emt 0:00:03] Benitotj rinde}
1-0

[Event "Benidorm Satellite preliminary"]
[Site "playchess.com #007036"]
[Date "2009.10.24"]
[Round "13"]
[White "DiabloAmarillo"]
[Black "HaraldEtuna"]
[Result "1-0"]
[WhiteElo "2169"]
[BlackElo "2130"]
[PlyCount "101"]
[EventDate "2009.10.24"]
[EventType "swiss (blitz)"]

1. e4 {[%emt 0:00:03]} Nf6 {[%emt 0:00:01]} 2. e5 {[%emt 0:00:02]} Nd5 {[%emt
0:00:02]} 3. d4 {[%emt 0:00:02]} d6 {[%emt 0:00:01]} 4. Nf3 {[%emt 0:00:02]}
Bg4 {[%emt 0:00:01]} 5. Be2 {[%emt 0:00:03]} c6 {[%emt 0:00:01]} 6. c4 {[%emt
0:00:08]} Nb6 {[%emt 0:00:02]} 7. Nbd2 {[%emt 0:00:04]} N8d7 {[%emt 0:00:01]}
8. O-O {[%emt 0:00:04]} dxe5 {[%emt 0:00:01]} 9. Nxe5 {[%emt 0:00:03]} Nxe5 {
[%emt 0:00:01]} 10. dxe5 {[%emt 0:00:02]} Bxe2 {[%emt 0:00:02]} 11. Qxe2 {
[%emt 0:00:01]} e6 {[%emt 0:00:00]} 12. Nf3 {[%emt 0:00:07]} Qc7 {[%emt 0:00:
02]} 13. Bf4 {[%emt 0:00:06]} Be7 {[%emt 0:00:02]} 14. Rad1 {[%emt 0:00:07]}
O-O {[%emt 0:00:01]} 15. Ng5 {[%emt 0:00:04]} Rad8 {[%emt 0:00:06]} 16. Ne4 {
[%emt 0:00:05]} c5 {[%emt 0:00:26]} 17. b3 {[%emt 0:00:06]} Nd7 {[%emt 0:00:01]
} 18. Nd6 {[%emt 0:00:04]} Bxd6 {[%emt 0:00:05]} 19. exd6 {[%emt 0:00:00]} Qc6
{[%emt 0:00:01]} 20. Bg5 {[%emt 0:00:06]} Rc8 {[%emt 0:00:05]} 21. Be7 {[%emt
0:00:05]} Rfe8 {[%emt 0:00:03]} 22. f4 {[%emt 0:00:07]} a6 {[%emt 0:00:18]} 23.
Qh5 {[%emt 0:00:08]} g6 {[%emt 0:00:06]} 24. Qh6 {[%emt 0:00:04]} Qe4 {[%emt 0:
00:28]} 25. Rf3 {[%emt 0:00:07]} Qe2 {[%emt 0:00:01]} 26. Ra1 {[%emt 0:00:06]}
Qb2 {[%emt 0:00:02]} 27. Raf1 {[%emt 0:00:12]} b5 {[%emt 0:00:08]} 28. Rh3 {
[%emt 0:00:09]} Qg7 {[%emt 0:00:01]} 29. Qxg7+ {[%emt 0:00:08]} Kxg7 {[%emt 0:
00:01]} 30. Rc1 {[%emt 0:00:03]} b4 {[%emt 0:00:03]} 31. Kf2 {[%emt 0:00:04]}
a5 {[%emt 0:00:01]} 32. a3 {[%emt 0:00:05]} Ra8 {[%emt 0:00:02]} 33. a4 {[%emt
0:00:08]} h5 {[%emt 0:00:06]} 34. Re1 {[%emt 0:00:04]} Rxe7 {[%emt 0:00:29]}
35. dxe7 {[%emt 0:00:03]} Re8 {[%emt 0:00:00]} 36. Rd3 {[%emt 0:00:05]} Rxe7 {
[%emt 0:00:01]} 37. Rd6 {[%emt 0:00:04]} Nf6 {[%emt 0:00:03]} 38. Ra6 {[%emt 0:
00:05]} Rd7 {[%emt 0:00:01]} 39. Rxa5 {[%emt 0:00:04]} Ng4+ {[%emt 0:00:08]}
40. Ke2 {[%emt 0:00:07]} Rd4 {[%emt 0:00:08]} 41. h3 {[%emt 0:00:06]} Nh6 {
[%emt 0:00:08]} 42. Rxc5 {[%emt 0:00:04]} Nf5 {[%emt 0:00:01]} 43. Rb5 {[%emt
0:00:05]} Rxf4 {[%emt 0:00:02]} 44. Rxb4 {[%emt 0:00:04]} Nd4+ {[%emt 0:00:05]}
45. Ke3 {[%emt 0:00:04]} e5 {[%emt 0:00:01]} 46. Kd3 {[%emt 0:00:05]} f6 {
[%emt 0:00:07]} 47. a5 {[%emt 0:00:01]} Rf2 {[%emt 0:00:07]} 48. a6 {[%emt 0:
00:02]} Ra2 {[%emt 0:00:47]} 49. Ra4 {[%emt 0:00:03]} Rxa4 {[%emt 0:00:00]} 50.
bxa4 {[%emt 0:00:02]} Nc6 {[%emt 0:00:00]} 51. Rb1 {[%emt 0:00:07] HaraldEtuna
resigns} 1-0

[Event "Benidorm Satellite preliminary"]
[Site "playchess.com #007036"]
[Date "2009.10.24"]
[Round "13"]
[White "daisuke"]
[Black "Munchie the 5th"]
[Result "1-0"]
[WhiteElo "1855"]
[BlackElo "1701"]
[PlyCount "127"]
[EventDate "2009.10.24"]
[EventType "swiss (blitz)"]

1. Nc3 {[%emt 0:00:00]} e5 {[%emt 0:00:01]} 2. e4 {[%emt 0:00:03]} Nf6 {[%emt
0:00:02]} 3. Nf3 {[%emt 0:00:02]} Nc6 {[%emt 0:00:01]} 4. Bb5 {[%emt 0:00:02]}
d6 {[%emt 0:00:01]} 5. O-O {[%emt 0:00:02]} Be7 {[%emt 0:00:02]} 6. d4 {[%emt
0:00:01]} exd4 {[%emt 0:00:03]} 7. Nxd4 {[%emt 0:00:01]} Bd7 {[%emt 0:00:01]}
8. Bxc6 {[%emt 0:00:01]} bxc6 {[%emt 0:00:00]} 9. Bg5 {[%emt 0:00:02]} O-O {
[%emt 0:00:01]} 10. Qd2 {[%emt 0:00:01]} a6 {[%emt 0:00:01]} 11. Rae1 {[%emt 0:
00:02]} h6 {[%emt 0:00:01]} 12. Be3 {[%emt 0:00:04]} c5 {[%emt 0:00:01]} 13.
Nf5 {[%emt 0:00:01]} Bxf5 {[%emt 0:00:02]} 14. exf5 {[%emt 0:00:01]} Qd7 {
[%emt 0:00:00]} 15. Bxh6 {[%emt 0:00:19]} gxh6 {[%emt 0:00:14]} 16. Qxh6 {
[%emt 0:00:01]} Ng4 {[%emt 0:00:01]} 17. Qf4 {[%emt 0:00:09]} Ne5 {[%emt 0:00:
05]} 18. f6 {[%emt 0:00:04]} Bd8 {[%emt 0:00:04]} 19. Qh6 {[%emt 0:00:01]} Bxf6
{[%emt 0:00:04]} 20. Qxf6 {[%emt 0:00:01]} Ng6 {[%emt 0:00:01]} 21. Re3 {[%emt
0:00:05]} Qd8 {[%emt 0:00:06]} 22. Qf5 {[%emt 0:00:04]} Rb8 {[%emt 0:00:06]}
23. Nd5 {[%emt 0:00:04]} Kg7 {[%emt 0:00:03]} 24. b3 {[%emt 0:00:04]} c6 {
[%emt 0:00:01]} 25. Nf4 {[%emt 0:00:02]} Qh4 {[%emt 0:00:06]} 26. Rg3 {[%emt 0:
00:05]} Qh6 {[%emt 0:00:09]} 27. Qd7 {[%emt 0:00:09]} Qxf4 {[%emt 0:00:04]} 28.
Qxc6 {[%emt 0:00:02]} Rfc8 {[%emt 0:00:05]} 29. Qxa6 {[%emt 0:00:04]} Ra8 {
[%emt 0:00:07]} 30. Qb7 {[%emt 0:00:01]} Rcb8 {[%emt 0:00:02]} 31. Qc7 {[%emt
0:00:03]} Rc8 {[%emt 0:00:01]} 32. Qd7 {[%emt 0:00:06]} Rh8 {[%emt 0:00:04]}
33. a4 {[%emt 0:00:17]} Rad8 {[%emt 0:00:19]} 34. Qc6 {[%emt 0:00:05]} Qd2 {
[%emt 0:00:09]} 35. Qe4 {[%emt 0:00:03]} d5 {[%emt 0:00:09]} 36. Qe5+ {[%emt 0:
00:04]} Kf8 {[%emt 0:00:01]} 37. Qf6 {[%emt 0:00:06]} Qh6 {[%emt 0:00:21]} 38.
Qxd8+ {[%emt 0:00:03]} Kg7 {[%emt 0:00:00]} 39. Rh3 {[%emt 0:00:04]} Qxh3 {
[%emt 0:00:01]} 40. gxh3 {[%emt 0:00:02]} Rxd8 {[%emt 0:00:01]} 41. Rd1 {[%emt
0:00:02]} Nf4 {[%emt 0:00:01]} 42. c4 {[%emt 0:00:03]} Nxh3+ {[%emt 0:00:05]}
43. Kg2 {[%emt 0:00:01]} Nf4+ {[%emt 0:00:01]} 44. Kf3 {[%emt 0:00:01]} Ne6 {
[%emt 0:00:05]} 45. cxd5 {[%emt 0:00:01]} Nd4+ {[%emt 0:00:01]} 46. Ke4 {[%emt
0:00:03]} Nxb3 {[%emt 0:00:01]} 47. d6 {[%emt 0:00:05]} c4 {[%emt 0:00:05]} 48.
Kd5 {[%emt 0:00:03]} c3 {[%emt 0:00:01]} 49. Rg1+ {[%emt 0:00:07]} Kf6 {[%emt
0:00:03]} 50. Kc4 {[%emt 0:00:01]} Nd2+ {[%emt 0:00:07]} 51. Kxc3 {[%emt 0:00:
01]} Nf3 {[%emt 0:00:01]} 52. Rd1 {[%emt 0:00:02]} Nxh2 {[%emt 0:00:02]} 53.
Kc4 {[%emt 0:00:00]} Nf3 {[%emt 0:00:01]} 54. Kc5 {[%emt 0:00:03]} Ne5 {[%emt
0:00:01]} 55. a5 {[%emt 0:00:04]} Ke6 {[%emt 0:00:02]} 56. a6 {[%emt 0:00:03]}
Nd7+ {[%emt 0:00:01]} 57. Kc6 {[%emt 0:00:01]} Nb8+ {[%emt 0:00:04]} 58. Kc7 {
[%emt 0:00:02]} Rh8 {[%emt 0:00:37]} 59. Re1+ {[%emt 0:00:03]} Kf6 {[%emt 0:00:
03]} 60. a7 {[%emt 0:00:01]} Na6+ {[%emt 0:00:02]} 61. Kb7 {[%emt 0:00:03]}
Nc5+ {[%emt 0:00:01]} 62. Kc6 {[%emt 0:00:01]} Rc8+ {[%emt 0:00:02]} 63. Kb6 {
[%emt 0:00:03]} Nd7+ {[%emt 0:00:01]} 64. Kb7 {[%emt 0:00:02] Time} 1-0

[Event "Benidorm Satellite preliminary"]
[Site "playchess.com #007036"]
[Date "2009.10.24"]
[Round "13"]
[White "Immer Letzter"]
[Black "MischaT"]
[Result "1/2-1/2"]
[WhiteElo "2507"]
[BlackElo "2281"]
[PlyCount "119"]
[EventDate "2009.10.24"]
[EventType "swiss (blitz)"]

1. e4 {[%emt 0:00:03]} e6 {[%emt 0:00:02]} 2. d4 {[%emt 0:00:01]} d5 {[%emt 0:
00:00]} 3. Nc3 {[%emt 0:00:01]} Bb4 {[%emt 0:00:01]} 4. e5 {[%emt 0:00:01]} c5
{[%emt 0:00:00]} 5. Bd2 {[%emt 0:00:01]} Nc6 {[%emt 0:00:02]} 6. Nb5 {[%emt 0:
00:05]} Bxd2+ {[%emt 0:00:00]} 7. Qxd2 {[%emt 0:00:01]} Nxd4 {[%emt 0:00:02]}
8. Nxd4 {[%emt 0:00:01]} cxd4 {[%emt 0:00:00]} 9. Nf3 {[%emt 0:00:02]} Ne7 {
[%emt 0:00:00]} 10. Qxd4 {[%emt 0:00:02]} Bd7 {[%emt 0:00:02]} 11. c3 {[%emt 0:
00:07]} b6 {[%emt 0:00:03]} 12. Bd3 {[%emt 0:00:04]} h6 {[%emt 0:00:09]} 13.
O-O {[%emt 0:00:05]} Rc8 {[%emt 0:00:02]} 14. Qh4 {[%emt 0:00:17]} O-O {[%emt
0:00:16]} 15. Rfe1 {[%emt 0:00:12]} Ng6 {[%emt 0:00:14]} 16. Qxd8 {[%emt 0:00:
09]} Rcxd8 {[%emt 0:00:13]} 17. Nd4 {[%emt 0:00:08]} Rc8 {[%emt 0:00:07]} 18.
g3 {[%emt 0:00:07]} Ne7 {[%emt 0:00:01]} 19. f4 {[%emt 0:00:09]} g6 {[%emt 0:
00:18]} 20. Rad1 {[%emt 0:00:02]} Kg7 {[%emt 0:00:02]} 21. Kf2 {[%emt 0:00:02]}
Nf5 {[%emt 0:00:07]} 22. Bxf5 {[%emt 0:00:02]} gxf5 {[%emt 0:00:00]} 23. Rg1 {
[%emt 0:00:13]} Kh7 {[%emt 0:00:07]} 24. g4 {[%emt 0:00:04]} fxg4 {[%emt 0:00:
03]} 25. Rxg4 {[%emt 0:00:01]} Rg8 {[%emt 0:00:01]} 26. Rdg1 {[%emt 0:00:01]}
Rxg4 {[%emt 0:00:06]} 27. Rxg4 {[%emt 0:00:01]} Rg8 {[%emt 0:00:03]} 28. Rxg8 {
[%emt 0:00:05]} Kxg8 {[%emt 0:00:00]} 29. Nf3 {[%emt 0:00:12]} Kg7 {[%emt 0:00:
05]} 30. Nh4 {[%emt 0:00:02]} f6 {[%emt 0:00:04]} 31. Ke3 {[%emt 0:00:05]} fxe5
{[%emt 0:00:07]} 32. fxe5 {[%emt 0:00:01]} Bb5 {[%emt 0:00:09]} 33. Kf4 {[%emt
0:00:02]} Bd3 {[%emt 0:00:03]} 34. Nf3 {[%emt 0:00:02]} Kf7 {[%emt 0:00:05]}
35. Nd4 {[%emt 0:00:01]} Bb1 {[%emt 0:00:05]} 36. a3 {[%emt 0:00:01]} Bd3 {
[%emt 0:00:04]} 37. Nc6 {[%emt 0:00:10]} a6 {[%emt 0:00:07]} 38. Na7 {[%emt 0:
00:04]} Bb5 {[%emt 0:00:16]} 39. Nc8 {[%emt 0:00:03]} Kg6 {[%emt 0:00:07]} 40.
Nxb6 {[%emt 0:00:07]} Kh5 {[%emt 0:00:13]} 41. Na8 {[%emt 0:00:02]} Bd7 {[%emt
0:00:12]} 42. b4 {[%emt 0:00:03]} Kh4 {[%emt 0:00:03]} 43. Nc7 {[%emt 0:00:03]}
Bc8 {[%emt 0:00:03]} 44. a4 {[%emt 0:00:01]} Kh3 {[%emt 0:00:01]} 45. b5 {
[%emt 0:00:03]} axb5 {[%emt 0:00:02]} 46. axb5 {[%emt 0:00:01]} Kxh2 {[%emt 0:
00:02]} 47. Kg4 {[%emt 0:00:02]} Kg2 {[%emt 0:00:03]} 48. b6 {[%emt 0:00:01]}
Kf2 {[%emt 0:00:03]} 49. Kh5 {[%emt 0:00:01]} Ke3 {[%emt 0:00:02]} 50. Nxe6 {
[%emt 0:00:01]} Ke4 {[%emt 0:00:07] MischaT bietet Remis} 51. Kxh6 {[%emt 0:01:
13] .} Kxe5 {[%emt 0:00:03]} 52. Nd4 {[%emt 0:00:01]} Kd6 {[%emt 0:00:20] '}
53. Kg5 {[%emt 0:00:01]} Kc5 {[%emt 0:00:03]} 54. Kf6 {[%emt 0:00:04]} Kxb6 {
[%emt 0:00:04]} 55. Ke5 {[%emt 0:00:01]} Kc5 {[%emt 0:00:07]} 56. Ne2 {[%emt 0:
00:08]} Kc4 {[%emt 0:00:01]} 57. Nf4 {[%emt 0:00:01]} Kxc3 {[%emt 0:00:03]} 58.
Nxd5+ {[%emt 0:00:01]} Kc4 {[%emt 0:00:04]} 59. Nb6+ {[%emt 0:00:01]} Kc5 {
[%emt 0:00:02]} 60. Nxc8 {[%emt 0:00:01]} 1/2-1/2